| 000 | 00432nam a2200145 4500 | ||
|---|---|---|---|
| 999 |
_c508392 _d508392 |
||
| 008 | 190320b ||||| |||| 00| 0 eng d | ||
| 100 |
_aChaudhuri, Saswati _93713 |
||
| 245 |
_aWomen breadwinners: _ba study of women work participation in the slums of Kolkata |
||
| 260 | _c2018 | ||
| 300 | _ap.85-99. | ||
| 650 |
_aSlums - India - Kolkata _93714 |
||
| 773 | _aUrban India | ||
| 906 | _aWomen - India - Kolkata | ||
| 942 |
_2ddc _cAR |
||